Tibet. A chronicle of exploration

Na minha lista:
Detalhes bibliográficos
Autor principal: MacGregor, John (autor)
Formato: Livro
Idioma:inglês
Publicado em: Nueva York Praeger Publishers 1970
Edição:1a. ed
Assuntos:
Tags: Adicionar Tag
Sem tags, seja o primeiro a adicionar uma tag!

MARC

LEADER 00000nam a2200000 a 4500
001 UCJ7323
003 CL-VaPUC
008 070124e19700000US |||||||||||||||||eng|d
082 0 4 |a 910.4  |b MAC  |2 21 
100 |a MacGregor, John  |e autor  |9 515630 
245 1 0 |a Tibet. A chronicle of exploration 
250 |a 1a. ed 
300 |a 373 p 
942 |c BK 
945 |d 20070124 00:00:00  |a rinostro 
260 |a Nueva York  |b Praeger Publishers  |c 1970 
500 |a Mapas conforme con lo señalado en índice 
600 0 7 |a YOUNGHUSBAND, FRANCIS  |2 CL-VaPUC  |9 515631 
600 0 7 |a MANNING, THOMAS  |2 CL-VaPUC  |9 515632 
650 0 |a Viajes  |9 257115 
650 0 |a Expediciones científicas  |9 265222 
650 0 |a Ilustraciones  |9 369481 
650 0 |a Iconografía   |9 267998 
650 0 |a Cultura  |9 269059 
650 0 |a Misioneros  |9 324171 
650 0 |a Jesuitas  |9 268366 
650 7 |a CAPUCHINOS  |2 CL-VaPUC  |9 404279 
650 0 |a Mapas  |9 260844 
651 7 |a TIBET  |2 CL-VaPUC  |9 324206 
651 7 |a LASA  |2 CL-VaPUC  |9 515633 
583 |a last modification  |c 20070124 00:00:00  |k Rodrigo Vera 
999 |c 323418  |d 323416 
952 |0 0  |1 0  |4 0  |6 910_400000000000000_MAC_1970  |7 0  |8 X  |9 402993  |a FDOBUD  |b FDOBUD  |d 2019-11-22  |i 1061577  |o 910.4 MAC 1970  |p 1061577  |r 2019-11-22  |w 2019-11-22  |y BK_X  |k BUD